000 01844nam0a2200361 4500
001 RU\NLR\BIBL_A\012666473
005 20220606164503.0
010 _a978-5-4468-9930-2
_91000
021 _aRU
_bКН-П-21-057014
_9КН-П-21-4459
035 _a(NLR Aleph) 012666473
090 _a12771930
_c12771930
100 _a20211215d2021 u y0rusy50 ca
101 0 _arus
102 _aRU
105 _aa j 000zy
181 0 _ai3
_baxxe
182 0 _an
200 1 _aЭлектронная техника
_eучебник
_eдля использования в образовательном процессе образовательных организаций, реализующих программы среднего профессионального образования по специальностям "Контроль работы измерительных приборов", "Инфокоммуникационные сети и системы связи"
_fВ. Ш. Берикашвили
203 _aТекст
_bвизуальный
_cнепосредственный
205 _a3-е изд., стер.
210 _aМосква
_cАкадемия
_d2021
215 _a329, [1] с.
_cил., цв. ил., табл.
_d22
225 1 _aПрофессиональное образование
225 1 _aТоп 50
313 _aПо пред.изд. 2019г.
320 _aБиблиогр.: с. 326-327
606 1 _aЭлектронные приборы
_jУчебники для среднего профессионального образования
_2nlr_sh1
_2nlr_sh2
686 1 _aЗ85я723-1
700 1 _aБерикашвили
_bВ. Ш.
_gВалерий Шалвович
942 _cBOOK
980 _aNB